Commission on Wartime Contracting : interim findings and path forward : hearing before the Subcommittee on National Security and Foreign Affairs of the Committee on Oversight and Government Reform, House of Representatives, One Hundred Eleventh Congress, first session, June 10, 2009.

Bibliographic Details
Corporate Author: United States. Congress. House. Committee on Oversight and Government Reform. Subcommittee on National Security and Foreign Affairs
Format: Government Document eBook
Language:English
Published: Washington : U.S. G.P.O., 2009.
Subjects:
Online Access:Electronic resource (PDF)

MARC

Tag First Indicator Second Indicator Subfields
LEADER 00000cam a22000001a 4500
001 in00004100671
005 20200117091337.0
006 m d f
007 cr bn mmmapmmp
008 091102s2009 dcuab ob f000 0 eng d
035 |a chdc201000610 
040 |a UMI  |c UMI  |d UtOrBLW 
042 |a pcc 
043 |a n-us---  |a a-iq---  |a a-af--- 
074 |a 1016-A 
086 0 |a Y 4.G 74/7:111-13 
088 |a Serial no. 111-13 (United States. Congress. House. Committee on Oversight and Government Reform) 
110 1 |a United States.  |b Congress.  |b House.  |b Committee on Oversight and Government Reform.  |b Subcommittee on National Security and Foreign Affairs.  |0 http://id.loc.gov/authorities/names/n2007035877 
245 1 0 |a Commission on Wartime Contracting :  |b interim findings and path forward : hearing before the Subcommittee on National Security and Foreign Affairs of the Committee on Oversight and Government Reform, House of Representatives, One Hundred Eleventh Congress, first session, June 10, 2009. 
264 1 |a Washington :  |b U.S. G.P.O.,  |c 2009. 
264 2 |a Washington :  |b For sale by the Supt. of Docs., U.S. G.P.O. 
300 |a iii, 178 pages :  |b illustrations, maps, digital, PDF file. 
336 |a text  |b txt  |2 rdacontent 
337 |a computer  |b c  |2 rdamedia 
338 |a online resource  |b cr  |2 rdacarrier 
500 |a Shipping list number: 2010-0014-P. 
504 |a Includes bibliographical references. 
500 |a "Serial number 111-13." 
500 |a Record is based on bibliographic data in ProQuest Congressional Hearings Digital Collection. Reuse except for individual research requires license from ProQuest, LLC. 
500 |a Electronic resource. 
533 |a Electronic reproduction.  |b [Bethesda, Md.] :  |c ProQuest,  |d 2010.  |e digital, PDF file.  |n ProQuest U.S. Congressional Hearings Digital Collection.  |n Mode of access: World Wide Web via ProQuest website. 
538 |a System requirements: PDF reader software. 
610 2 0 |a Commission on Wartime Contracting in Iraq and Afghanistan (U.S.).  |t At what cost? 
650 0 |a Defense contracts  |z United States.  |0 http://id.loc.gov/authorities/subjects/sh2008102128 
650 0 |a Logistics  |x Contracting out  |z Afghanistan. 
650 0 |a Postwar reconstruction  |x Contracting out  |z Afghanistan. 
650 0 |a Logistics  |x Contracting out  |z Iraq. 
650 0 |a Postwar reconstruction  |x Contracting out  |z Iraq. 
776 0 8 |i Print version:   |a United States. Congress. House. Committee on Oversight and Government Reform. Subcommittee on National Security and Foreign Affairs.  |t Commission on Wartime Contracting  |w 9780160842795  |w 0160842794  |w (OCoLC)462089783  |z 2009438822 
776 0 8 |i Microfiche version:   |a United States. Congress. House. Committee on Oversight and Government Reform. Subcommittee on National Security and Foreign Affairs.  |t Commission on Wartime Contracting  |d [Bethesda, Md.] : ProQuest,[2010]  |o CIS 2010 H601-18  |w (ProQuest)cis01001163  
856 4 0 |u http://proxy.library.tamu.edu/login?url=http://search.proquest.com/congcomp/getdoc?HEARING-ID=HRG-2009-CGR-0014  |y Electronic resource (PDF)  |t 0 
998 |a cis01001163  
999 f f |s d63cf417-4f93-3486-b760-868daf6507d0  |i 1b21f86b-6609-3f5f-8c51-511e6bdfcfbd  |t 0 
952 f f |a Texas A&M University  |b College Station  |c Electronic Resources  |d Available Online  |t 0  |e Y 4.G 74/7:111-13  |h Superintendent of Documents classification 
998 f f |a Y 4.G 74/7:111-13  |t 0  |l Available Online